书目信息 |
| 题名: |
Excel 2000 快餐
|
|
| 作者: | 门槛创作室 编著 | |
| 分册: | ||
| 出版信息: | 北京 人民邮电出版社 1999.09 |
|
| 页数: | 327页 | |
| 开本: | 16开 | |
| 丛书名: | ||
| 单 册: | ||
| 中图分类: | TP391.13 | |
| 科图分类: | ||
| 主题词: | 计算机应用 | |
| 电子资源: | ||
| ISBN: | 7-115-08102-6 | |
| 000 | 00571nam0 2200193 45 | |
| 001 | 0006161464 | |
| 005 | 20000616141121.0 | |
| 010 | @a7-115-08102-6@d33.00元 | |
| 100 | @a20000616d1999 km y0chiy0120 ea | |
| 101 | 0 | @achi |
| 105 | @a z 000yy | |
| 200 | 1 | @aExcel 2000 快餐@AExcel 2000 Kuai Can@f门槛创作室编著@FMen Kan Chuang Zuo Shi Bian Zhu |
| 210 | @a北京@c人民邮电出版社@d1999.09 | |
| 215 | @a327页@d16开 | |
| 606 | 0 | @a计算机应用 |
| 690 | @aTP391.13@v3 | |
| 701 | 0 | @a门槛创作室@4编著 |
| 801 | @aCN@bPftUser@c20000616 | |
| 905 | @b158888-890@dTP391.13@eM:114/1@f3 | |
| Excel 2000 快餐/门槛创作室编著.-北京:人民邮电出版社,1999.09 |
| 327页;16开 |
| ISBN 7-115-08102-6:33.00元 |
| ● |
| 相关链接 |
|
|
|
正题名:Excel 2000快餐
索取号:TP391.13/M:114/1
 
预约/预借
| 序号 | 登录号 | 条形码 | 馆藏地/架位号 | 状态 | 备注 |
| 1 | 158888 | 201588889 | 自科库301/ [索取号:TP391.13/M:114/1] | 在馆 | |
| 2 | 158889 | 201588898 | 期刊室512/301自科库 61排4列2层/ [索取号:TP391.13/M:114/1] | 在馆 | |
| 3 | 158890 | 201588905 | 期刊室512/301自科库 61排4列2层/ [索取号:TP391.13/M:114/1] | 在馆 |